Airlines Serving Keflavík International Airport - Statistics

General Stats
  • This quiz has been taken 94 times
  • The average score is 19 of 26
Answer Stats
Country Answer % Correct
Canada Air Canada
97%
Iceland Icelandair
96%
USA American Airlines
94%
Germany Lufthansa
93%
Greenland Air Greenland
90%
UK British Airways
90%
Latvia airBaltic
85%
UK easyJet
85%
Finland Finnair
85%
USA United Airlines
82%
Czech Republic Czech Airlines
79%
USA Delta Air Lines
79%
Hungary Wizz Air
78%
Spain Vueling
76%
Sweden Scandinavian Airlines
75%
Germany Eurowings
74%
Netherlands Transavia
69%
Norway Norwegian Air Shuttle
65%
Faroe Islands Atlantic Airways
60%
Russia S7 Airlines
60%
Switzerland Edelweiss Air
54%
UK Jet2
54%
Austria Austrian Airways
51%
Spain Iberia Express
49%
UK TUI Airways
44%
Iceland Air Iceland Connect
40%
No matching quizzes found
Score Distribution
Percent of People with Each Score
Percentile by Number Answered
Your Score History
You have not taken this quiz